[Event "Qatar Masters Open 2015"]
[Site "Doha QAT"]
[Date "2015.12.29"]
[Round "9"]
[White "Bologan, Viktor"]
[Black "Kosteniuk, Alexandra"]
[Result "1-0"]
[WhiteElo "2654"]
[BlackElo "2542"]
[PlyCount "103"]
[EventDate "2015.12.20"]

1. e4 e5 2. Nf3 Nc6 3. Bb5 a6 4. Ba4 Nf6 5. O-O Bc5 6. c3 b5 7. Bc2 d5 8. d4
dxe4 9. Nbd2 exf3 10. Qxf3 Bd6 11. Qxc6+ Bd7 12. Qf3 exd4 13. Ne4 Nxe4 14.
Qxe4+ Be6 15. Bg5 Be7 16. Bxe7 Kxe7 17. Rfe1 Kf8 18. Rad1 Qd5 19. Qf4 Qd6 20.
Qf3 Bd5 21. Be4 c6 22. Bxd5 Qxd5 23. Qxd5 cxd5 24. Rxd4 Re8 25. Rxe8+ Kxe8 26.
Rxd5 Ke7 27. Kf1 Ke6 28. Rd4 Rc8 29. Ke2 Rc5 30. Kd3 Rg5 31. g3 Rh5 32. h4 h6
33. a4 Rc5 34. b4 Rc8 35. a5 g5 36. c4 bxc4+ 37. Rxc4 Rd8+ 38. Kc3 Rd6 39. h5
Ke5 40. Rc5+ Ke4 41. b5 axb5 42. Rxb5 Rc6+ 43. Kb3 Rf6 44. f4 g4 45. Rb6 Rf5
46. a6 Ra5 47. Rxh6 Kf3 48. Kb4 Ra1 49. Rc6 Kxg3 50. h6 Rb1+ 51. Ka5 Kxf4 52.
Rc4+ 1-0

[Event "Qatar Masters Open 2015"]
[Site "Doha QAT"]
[Date "2015.12.29"]
[Round "9"]
[White "Goryachkina, Aleksandra"]
[Black "Sasikiran, Krishnan"]
[Result "0-1"]
[WhiteElo "2493"]
[BlackElo "2638"]
[PlyCount "108"]
[EventDate "2015.12.20"]

1. d4 e6 2. e4 d5 3. Nd2 c5 4. exd5 Qxd5 5. dxc5 Qxc5 6. Ngf3 Nf6 7. Bd3 Nbd7
8. O-O Qc7 9. c4 b6 10. b3 Bb7 11. Bb2 Bc5 12. Qe2 Qf4 13. Ne5 Nxe5 14. Bxe5
Qg4 15. Qxg4 Nxg4 16. Bc3 Rd8 17. Be2 Ne3 18. fxe3 Bxe3+ 19. Rf2 Bxd2 20. Bxd2
Rxd2 21. c5 Ke7 22. cxb6 axb6 23. a4 Rc8 24. Bc4 Rcd8 25. a5 Rd1+ 26. Rf1 Rxa1
27. Rxa1 bxa5 28. Rxa5 Bd5 29. Ra4 Bxc4 30. Rxc4 Rd2 31. b4 Rb2 32. Rc7+ Kf6
33. Rb7 g5 34. b5 h5 35. b6 h4 36. h3 e5 37. Kf1 e4 38. Kg1 Ke6 39. Kf1 Kf6 40.
Kg1 e3 41. Kf1 Rf2+ 42. Kg1 Rf4 43. Rc7 Rb4 44. Rc6+ Ke5 45. Kf1 f5 46. Ke2 Kf4
47. Kd3 Rb3+ 48. Kc2 e2 49. Kd2 Rb2+ 50. Ke1 Kg3 51. Re6 f4 52. Re5 g4 53. Rxe2
Rxb6 54. hxg4 Rb1+ 0-1

[Event "Qatar Masters Open 2015"]
[Site "Doha QAT"]
[Date "2015.12.29"]
[Round "9"]
[White "Khotenashvili, Bela"]
[Black "Raja, Harshit"]
[Result "1-0"]
[WhiteElo "2496"]
[BlackElo "2325"]
[PlyCount "35"]
[EventDate "2015.12.20"]

1. c4 e5 2. Nc3 Nf6 3. g3 c6 4. Nf3 d6 5. Bg2 Be6 6. b3 h6 7. O-O Be7 8. Qc2 g5
9. c5 d5 10. Nxe5 Bxc5 11. Bb2 Bd6 12. Nf3 Nbd7 13. e4 O-O 14. Nd4 Qe7 15. Rae1
dxe4 16. Nxe4 Rae8 17. Nxe6 fxe6 18. Nxd6 1-0

[Event "Qatar Masters Open 2015"]
[Site "Doha QAT"]
[Date "2015.12.29"]
[Round "9"]
[White "Dzagnidze, Nana"]
[Black "Pham, Le Thao Nguyen"]
[Result "1-0"]
[WhiteElo "2559"]
[BlackElo "2319"]
[PlyCount "99"]
[EventDate "2015.12.20"]

1. Nf3 Nf6 2. c4 e6 3. g3 d5 4. Bg2 Be7 5. O-O O-O 6. b3 c5 7. cxd5 Nxd5 8. Bb2
b6 9. d4 Bb7 10. dxc5 Bxc5 11. Nbd2 Nf6 12. Nc4 Nbd7 13. e3 Qe7 14. Nd4 Bxg2
15. Kxg2 Rfc8 16. Rc1 Ne4 17. Qf3 f5 18. Rfd1 Ndf6 19. Qe2 Ng5 20. Nf3 Nf7 21.
Bxf6 Qxf6 22. Rd7 Bf8 23. a4 Rc5 24. h4 Nd6 25. Rc2 Ne4 26. Qd1 b5 27. axb5
Rxb5 28. Nd4 Rbb8 29. Qa1 a6 30. Nd2 Nxd2 31. Rxd2 Bc5 32. Qa4 Kh8 33. Nf3 h6
34. Rc2 Bf8 35. Nd4 Rb6 36. Rc6 Rab8 37. Qc4 Rxc6 38. Qxc6 e5 39. Qxf6 gxf6 40.
Nxf5 Rxb3 41. Rf7 Rb8 42. Ra7 Rb6 43. Ra8 Kg8 44. Nxh6+ Kg7 45. Nf5+ Kf7 46. h5
Bd6 47. h6 Kg6 48. Rg8+ Kh7 49. Rg7+ Kh8 50. Nh4 1-0

[Event "Qatar Masters Open 2015"]
[Site "Doha QAT"]
[Date "2015.12.29"]
[Round "9"]
[White "Batsiashvili, Nino"]
[Black "Abdusattorov, Nodirbek"]
[Result "1/2-1/2"]
[WhiteElo "2498"]
[BlackElo "2429"]
[PlyCount "120"]
[EventDate "2015.12.20"]

1. d4 Nf6 2. c4 g6 3. Nc3 d5 4. cxd5 Nxd5 5. e4 Nxc3 6. bxc3 Bg7 7. Bb5+ c6 8.
Ba4 O-O 9. Ne2 c5 10. O-O cxd4 11. cxd4 Nc6 12. Be3 Bd7 13. Rc1 e6 14. Rc5 Rc8
15. d5 Ne5 16. Bb3 b6 17. Rxc8 Qxc8 18. Nf4 exd5 19. Nxd5 Kh8 20. f4 Nc6 21.
Qd3 Rd8 22. f5 Ne5 23. Qe2 gxf5 24. Ne7 Qc3 25. Nd5 Qa5 26. exf5 Bb5 27. Qc2
Bxf1 28. Kxf1 Qa6+ 29. Kg1 Rc8 30. Qd1 Qd3 31. Qxd3 Nxd3 32. f6 Bf8 33. Kf1 Nc1
34. Ba4 Nxa2 35. Ne7 Rc4 36. Be8 Re4 37. Bg5 h6 38. Bxf7 Bxe7 39. fxe7 hxg5 40.
e8=Q+ Rxe8 41. Bxe8 Kg7 42. Ke2 Kf8 43. Bc6 Ke7 44. g3 a5 45. Kd2 Nb4 46. Ba4
Nd5 47. h4 g4 48. Kd3 Nf6 49. Kc4 Ke6 50. Bd1 Kf5 51. Bc2+ Ke5 52. Kb5 Nd5 53.
h5 Kf6 54. h6 Nc3+ 55. Kc4 Ne2 56. Bd1 b5+ 57. Kc5 Nxg3 58. Kxb5 Nf5 59. Bxg4
Nxh6 60. Kxa5 Nxg4 1/2-1/2

[Event "Qatar Masters Open 2015"]
[Site "Doha QAT"]
[Date "2015.12.29"]
[Round "9"]
[White "Harika, Dronavalli"]
[Black "Rohan, Ahuja"]
[Result "1/2-1/2"]
[WhiteElo "2513"]
[BlackElo "2426"]
[PlyCount "161"]
[EventDate "2015.12.20"]

1. Nf3 Nf6 2. c4 g6 3. Nc3 d5 4. d4 Bg7 5. e3 O-O 6. Bd2 c5 7. dxc5 Na6 8. cxd5
Nxc5 9. Bc4 a6 10. a4 Bf5 11. O-O Rc8 12. Be1 Nce4 13. Ba2 Qb6 14. Qe2 Rfd8 15.
Rd1 Nxc3 16. bxc3 Qa5 17. Nd4 Qxa4 18. Bb3 Qa3 19. Nxf5 gxf5 20. Rb1 Nxd5 21.
Bxd5 Rxd5 22. Rxb7 Qd6 23. c4 Rd1 24. c5 Qd8 25. Qc2 Qd5 26. Rxe7 Bf6 27. e4
fxe4 28. Rxe4 Rxc5 29. Rg4+ Kh8 30. Qe2 Qd7 31. Re4 Rcc1 32. Qxa6 Kg7 33. h3 h5
34. Re3 Qf5 35. Rg3+ Kh7 36. Rf3 Qxf3 37. gxf3 Rxe1 38. Rxe1 Rxe1+ 39. Kg2 Kg7
40. f4 Re6 41. Qb5 h4 42. Kf3 Rd6 43. Kg4 Re6 44. Qd5 Rb6 45. Kh5 Re6 46. Qg2+
Kf8 47. Qg4 Rd6 48. f5 Rb6 49. Qf3 Kg7 50. Qg4+ Kf8 51. Qf4 Kg7 52. Qh6+ Kg8
53. Qf4 Kg7 54. Qe3 Ra6 55. Qh6+ Kg8 56. Qf4 Kg7 57. Qg4+ Kf8 58. Qc4 Rd6 59.
Qc5 Be7 60. Qe5 Rf6 61. f3 Bd8 62. f4 Be7 63. Qe4 Rd6 64. Qe5 Rf6 65. Kg4 Rh6
66. Kf3 Bf6 67. Qc5+ Kg7 68. Qg1+ Kf8 69. Ke4 Be7 70. Qd4 Bf6 71. Qc5+ Kg7 72.
Qg1+ Kf8 73. Qb6 Kg7 74. Qg1+ Kf8 75. Kd5 Be7 76. Qa7 Bf6 77. Qb6 Kg7 78. Qg1+
Kf8 79. Qa7 Kg7 80. Qb7 Rh8 81. Ke4 1/2-1/2